| 000 | 00345nam a22001337a 4500 | ||
|---|---|---|---|
| 008 | 170926b xxu||||| |||| 00| 0 eng d | ||
| 020 | _a9780153743054 | ||
| 041 | _aeng | ||
| 080 | _a37 | ||
| 100 | _a46 | ||
| 101 | _aEDU | ||
| 245 |
_aPRACTICE FOR YHE NEW YORK STATE ENGLISH LANGUAGE ARTS ASSESSMENT _cDANIEL.K |
||
| 942 |
_2udc _cBK |
||
| 999 |
_c29961 _d29961 |
||